It looks like you're offline.
Open Library logo
additional options menu

MARC record from Internet Archive

LEADER: 02401cam 2200625 a 4500
001 ocm40959503
003 OCoLC
005 20220820071223.0
008 990315s1998 fr b 001 0 fre d
040 $aERM$bfre$cERM$dKKS$dLVB$dRUQBL$dHEBIS$dCHRRO$dUQ1$dBDF$dOCLCF$dOCLCQ$dOCLCO$dN9V$dU9S$dOCLCQ$dCA7GT$dOCLCQ$dOCLCO$dOCL
016 7 $aFRBNF369818660000008$2FrPBN
019 $a948312139
020 $a2200018525
020 $a9782200018528
035 $a(OCoLC)40959503$z(OCoLC)948312139
050 4 $aPN1811$b.D83 1998
055 3 $aPN1663D827$b1998
072 7 $aarts$2mais
092 0 $a809.2$fDUC$221
100 1 $aDuchâtel, Eric.
245 10 $aAnalyse littéraire de l'oeuvre dramatique /$cEric Duchâtel.
260 $aParis :$bA. Colin,$c©1998.
300 $a95 pages ;$c18 cm
336 $atexte$btxt$2rdacontent/fre
337 $asans médiation$bn$2rdamedia/fre
338 $avolume$bnc$2rdacarrier/fre
490 1 $aCollection Synthèse. Série Lettres ;$v16
504 $aBibliogr. page 93. Index.
650 0 $aDrama$xHistory and criticism.
650 0 $aDrama$xTechnique.
650 04 $aTeatro$xHistoria y crítica.
650 04 $aTeatro francés$xHistoria y crítica.
650 6 $aThéâtre (Genre littéraire)$xTechnique.
650 6 $aThéâtre (Genre littéraire)$xHistoire et critique.
650 7 $aDrama$xTechnique.$2fast$0(OCoLC)fst00897512
650 7 $aDrama.$2fast$0(OCoLC)fst00897468
650 7 $aDrama$2gnd
650 7 $aAnalyse documentaire.$2ram
650 7 $aThéâtre (genre littéraire)$xHistoire et critique.$2ram
650 7 $aCritique dramatique.$2rasuqam
650 7 $aEnseignement.$2rasuqam
650 7 $aThéâtre (Littérature)$2rasuqam
650 7 $aCritique littéraire.$2rasuqam
650 7 $aexplication de texte$xthéâtre (genre littéraire)$vmanuel.$2rero
650 7 $aexplication de texte.$2rerovoc
655 7 $aCriticism, interpretation, etc.$2fast$0(OCoLC)fst01411635
655 7 $aManuel.$2rerovoc
830 0 $aCollection Synthèse. Série Lettres ;$v16.
856 42 $3Notice et cote du catalogue de la Bibliothèque nationale de France$uhttp://catalogue.bnf.fr/ark:/12148/cb36981866s
029 1 $aBDF$bFRBNF369818660000008
029 1 $aCHRRO$bR003203195
029 1 $aHEBIS$b059851198
029 1 $aZWZ$b004407075
994 $aZ0$bIME
948 $hNO HOLDINGS IN IME - 65 OTHER HOLDINGS